00303nam a2200133Ia 4500100003400000650001100034366000700045654001100052245002900063260002800092082001500120300000900135546002500144 aShah/Sharanam/ Shah/Vaishali  aOracle f25 aoracle aOracle for professionals bShroff Publishersc2008 a5.133bSHA a1343 aENGLISHcelectronics